01627nam a2200457 i 450000100060000000300090000600500170001500800390003201500180007103500230008903500360011203500140014803500210016203500230018303500440020604000340025004100130028404400110029708000100030808000110031810000420032924501240037124600340049526000990052930000330062833600270066133700540068833800280074238000160077038800140078650400140080065000140081465000160082865000290084465800280087370000410090170000470094270000420098971000400103185600980107126350KOSZ 00520200724145843.0070625s1972 pl a f |000 0 pol aUWD 1973/1514 a991034643749705066 a(PL-WaBN)b19325447-48omnis_nlop ab19325447 a(OCoLC)823687367 a(PL)b0000001932544 a(EXLNZ-48OMNIS_NETWORK)9910318985705606 aWA NcWA NdWA NdKOSZ 005/HR0 apolhrus aplaru a637.3 a577.181 aLipińska, Ewac(mleczarstwo)eAutor10aZastosowanie nizyny w serowarstwie /cE. Lipińska, A. W. Gudkow, S. N. Karlikanowa ; [tł. tekstu ros. H. Jurkowska].13aPrimenenie nizina v syrodelii aWarszawa :bWydawnictwa Naukowo-Techniczne ;aMoskva :b"Piŝevaâ Promyšlennosť"c1972. a111, [1] s. :bil. ;c23 cm. aTekstbtxt2rdacontent aBez urządzenia pośredniczącegobn2rdamedia aWoluminbnc2rdacarrier aKsiążki a1901-2000 aBibliogr. 7aSery2DBN 7aMleczarstwo 7aTechnologia żywności aRolnictwo i leśnictwo1 aGudkov, Andrej VladimirovičeAutor1 aJurkowska, Hannac(tłumacz)eTłumaczenie1 aKarlikanova, Sofiâ NatanovnaeAutor2 aWydawnictwa Naukowo-Techniczne4pbl uhttp://koha.tu.koszalin.pl/cgi-bin/koha/opac-detail.pl?biblionumber=26350yKatalog online BPK